|
|
|
|
| LEADER |
02002nam a2200469 i 4500 |
| 001 |
EBC1780815 |
| 003 |
MiAaPQ |
| 005 |
20200903223051.0 |
| 006 |
m o d | |
| 007 |
cr cnu|||||||| |
| 008 |
140912t20142014enk ob 001 0 eng d |
| 020 |
|
|
|z 9781783509195
|
| 020 |
|
|
|a 9781783509201
|q (electronic bk.)
|
| 035 |
|
|
|a (MiAaPQ)EBC1780815
|
| 035 |
|
|
|a (Au-PeEL)EBL1780815
|
| 035 |
|
|
|a (CaPaEBR)ebr10927275
|
| 035 |
|
|
|a (CaONFJC)MIL641176
|
| 035 |
|
|
|a (OCoLC)891398610
|
| 040 |
|
|
|a MiAaPQ
|b eng
|e rda
|e pn
|c MiAaPQ
|d MiAaPQ
|
| 050 |
|
4 |
|a HE370
|b .P375 2014
|
| 082 |
0 |
|
|a 388
|2 23
|
| 245 |
0 |
0 |
|a Parking :
|b issues and policies /
|c edited by Stephen G. Ison, Corinne Mulley ; contributors John Bates [and twenty seven others].
|
| 250 |
|
|
|a First edition.
|
| 264 |
|
1 |
|a Bingley, England :
|b Emerald,
|c 2014.
|
| 264 |
|
4 |
|c 2014
|
| 300 |
|
|
|a 1 online resource (457 pages).
|
| 336 |
|
|
|a text
|2 rdacontent
|
| 337 |
|
|
|a computer
|2 rdamedia
|
| 338 |
|
|
|a online resource
|2 rdacarrier
|
| 490 |
1 |
|
|a Transport and Sustainability,
|x 2044-9941 ;
|v Volume 5
|
| 504 |
|
|
|a Includes bibliographical references at the end of each chapters and index.
|
| 588 |
|
|
|a Description based on online resource; title from PDF title page (ebrary, viewed September 12, 2014).
|
| 590 |
|
|
|a Electronic reproduction. Ann Arbor, MI : ProQuest, 2016. Available via World Wide Web. Access may be limited to ProQuest affiliated libraries.
|
| 650 |
|
0 |
|a Automobile parking.
|
| 655 |
|
4 |
|a Electronic books.
|
| 700 |
1 |
|
|a Ison, Stephen G.,
|e editor.
|
| 700 |
1 |
|
|a Mulley, Corinne,
|e editor.
|
| 700 |
1 |
|
|a Bates, John,
|e contributor.
|
| 776 |
0 |
8 |
|i Print version:
|t Parking : issues and policies.
|b First edition.
|d Bingley, England : Emerald, c2014
|h xiii, 442 pages
|k Transport and sustainability ; Volume 5.
|z 9781783509195
|
| 797 |
2 |
|
|a ProQuest (Firm)
|
| 830 |
|
0 |
|a Transport and sustainability ;
|v Volume 5.
|
| 856 |
4 |
0 |
|u https://ebookcentral.proquest.com/lib/matrademy/detail.action?docID=1780815
|z Click to View
|